01479nam a22002417a 4500003000900000008004100009040007100050082002300121245010900144260003000253300004500283440005400328505062400382650002601006650001901032650002401051650001301075700003101088700002901119700002701148700003001175700003201205AR-CdUCM190425b ||||| |||| 00| 0 spa d aMUNICIPALIDAD PROVINCIAL DEL CUSCOcBIBLIOTECA MUNICIPAL DEL CUSCO aOropesa/N°33/1999 aOropesa :brevista de cultura y educación de opinión y crítica /cAmérico Valer Vargas, Director aCusco.bPantigozo,c1999. a22 páginas. :bilustraciones ;c30 cm. aOropesa.nAño XVIII, N°XXXIII, diciembre 1999. aContenido: Homenaje a las bodas de oro del Archivo Departamental del Cusco. Roberto Cáceres Olivera. -- El Ayer y el presente de una celebración tradicional el mes morado en Lima y en los Estados Unidos la tradicional del Señor de los Milagros en Lima. Washington Canal Astete. -- Perspectivas del Cusco para el próximo milenio. Adolfo Saloma Gonzáles -- La reelección presidencial en América Latina. José Béjar Quispe. -- El SUTEP creación histórica del Magisterio peruano. Efraín Portillo Esquivel.-- Personajes y acontecimientos en el Cusco del siglo XX. Víctor Manuel Solorzano Arenas. ... aPolítica cusqueña aCultura andina aSociedad cusqueña aSiglo XX aCáceres Olivera, Roberto aCanal Astete, Washington aBéjar Quispe, José aSaloma Gonzáles, Adolfo aPortillo Esquivel, Efraín